Music Quiz

Random Music or Classical Quiz
Score 0/16 Timer 02:00
0 Plays Today
% Correct
Piano Stool
91.2%
Keyboard
91.1%
Lid
89.9%
Strings
89.1%
Rear leg
87%
Pedals
86.6%
Music rack
85.9%
Pedal box
85.7%
% Correct
Lid prop
84%
Treble leg
80.6%
Bass leg
63.7%
Side arm
60.7%
Leg bolt
57.1%
Fall
55%
Caster
54.1%
Cast iron plate
53.6%
Remove Ads.
Support Sporcle.
Get the best of Sporcle when you Go Orange. This ad-free experience offers more features, more stats, and more fun while also helping to support Sporcle. Thank you for becoming a member.

You're not logged in!

Compare scores with friends on all Sporcle quizzes.
OR
Log In

Show Comments

Extras

Top Quizzes Today


Score Distribution

Your Account Isn't Verified!

In order to create a playlist on Sporcle, you need to verify the email address you used during registration. Go to your Sporcle Settings to finish the process.

Report this User

Report this user for behavior that violates our Community Guidelines.

Details: